Mathematics and the modern world / (Record no. 180151)
[ view plain ]
| 000 -LEADER | |
|---|---|
| fixed length control field | 00872 a2200169 4500 |
| 003 - CONTROL NUMBER IDENTIFIER | |
| control field | Nust |
| 005 - DATE AND TIME OF LATEST TRANSACTION | |
| control field | 20221107125943.0 |
| 040 ## - CATALOGING SOURCE | |
| Transcribing agency | Nust |
| 082 ## - DEWEY DECIMAL CLASSIFICATION NUMBER | |
| Classification number | 510,TRI |
| 100 ## - MAIN ENTRY--PERSONAL NAME | |
| Personal name | Triola, Mario F. |
| 9 (RLIN) | 102413 |
| 245 ## - TITLE STATEMENT | |
| Title | Mathematics and the modern world / |
| Statement of responsibility, etc. | Mario F. Triola |
| 260 ## - PUBLICATION, DISTRIBUTION, ETC. | |
| Place of publication, distribution, etc. | Menlo Park |
| Name of publisher, distributor, etc. | Calif., Cummings Pub. Co. |
| Date of publication, distribution, etc. | [1973] |
| 300 ## - PHYSICAL DESCRIPTION | |
| Extent | x, 437 p. illus. |
| Other physical details | 24 cm. |
| 505 ## - FORMATTED CONTENTS NOTE | |
| Formatted contents note | Logic And Set Theory (Page-1), Mathematical Systems (Page-55), Algebra (Page -89), Calculus (Page-131), Probability (Page-161), Statistics (Page-197), The Computer (Page-225), Modern Mathematical Systems (Page(257), Abstracts Mathematical System (Page-299), Mathematics in the Humanities and Social Sciences (Page-327), History of Mathematics (Pae-357), Review of Geometry and Trigonometry (Page-385). |
| 650 ## - SUBJECT ADDED ENTRY--TOPICAL TERM | |
| Topical term or geographic name entry element | Mathematics and the modern world |
| 9 (RLIN) | 102414 |
| 942 ## - ADDED ENTRY ELEMENTS (KOHA) | |
| Source of classification or shelving scheme | |
| Koha item type | Book |
| Call number prefix | 510,TRI |
| Withdrawn status | Lost status | Source of classification or shelving scheme | Damaged status | Not for loan | Permanent Location | Current Location | Shelving location | Date acquired | Full call number | Barcode | Date last seen | Price effective from | Koha item type | Public note |
|---|---|---|---|---|---|---|---|---|---|---|---|---|---|---|
| Military College of Signals (MCS) | Military College of Signals (MCS) | General Stacks | 12/12/2016 | 510,TRI | MCS7578 | 12/08/2016 | 12/12/2016 | Book | Almirah No.10, Shelf No.2 |
